|
|
|
|
| LEADER |
01240nam a2200325 a 4500 |
| 001 |
38581 |
| 003 |
BD-DhAAL |
| 005 |
20220509114214.0 |
| 008 |
880708s1987 sz a b i001 0 eng d |
| 999 |
|
|
|c 44158
|d 44158
|
| 010 |
|
|
|a 88159038
|
| 020 |
|
|
|a 9221059014
|
| 035 |
|
|
|a (OCoLC)17560026
|
| 040 |
|
|
|a GASU
|c DLC
|d DLC
|d BD-DhAAL
|
| 042 |
|
|
|a lccopycat
|
| 050 |
0 |
4 |
|a HD56
|b .P8245 1987
|
| 082 |
|
|
|a 658.5
|2 20
|
| 100 |
1 |
|
|a Prokopenko, Joseph.
|9 48324
|
| 245 |
1 |
0 |
|a Productivity management :
|b a practical handbook /
|c Joseph Prokopenko.
|
| 260 |
|
|
|a Geneva :
|b International Labour Office,
|c 1987.
|
| 300 |
|
|
|a xiv, 287 p. :
|b ill. ;
|c 25 cm.
|
| 504 |
|
|
|a Includes bibliographical references (Pages 275-279) and index.
|
| 526 |
|
|
|a BBS (MBA Program)
|
| 541 |
|
|
|a Karim International
|e 38581
|
| 650 |
|
0 |
|a Industrial productivity
|x Handbooks, manuals, etc.
|9 48325
|
| 650 |
|
0 |
|a Industrial management
|x Handbooks, manuals, etc.
|9 48326
|
| 710 |
2 |
|
|a International Labour Office.
|9 48327
|
| 852 |
|
|
|a Ayesha Abed Library
|c General Stacks
|
| 942 |
|
|
|2 ddc
|c BK
|
| 952 |
|
|
|0 0
|1 0
|2 ddc
|4 0
|6 658_500000000000000_PRO
|7 0
|9 70587
|a BRACUL
|b BRACUL
|c GEN
|d 2022-05-08
|g 9000.00
|l 2
|o 658.5 PRO
|p 3010038581
|r 2024-09-30
|s 2024-09-21
|t 1
|v 9000.00
|w 2022-05-08
|y BK
|